| 000 | 00973cam a22002772 4500 | ||
|---|---|---|---|
| 001 | 22269 | ||
| 003 | BD-RjUL | ||
| 005 | 20211209000804.0 | ||
| 008 | 140308s1950 enk 000 0 eng d | ||
| 035 |
_a(BD-RjUL)22334 _aOCLC ocm00480748 from D970114M |
||
| 040 |
_aWSU _cWSU _dOCL _dUKM _dEQO _dBD-RjUL _beng |
||
| 041 | _aeng | ||
| 082 | 0 | 4 |
_a917.1 _218 _bTAC 1950 |
| 100 | 1 |
_aTaylor, Thomas Griffith, _d1880-1963. _967891 |
|
| 245 | 1 | 0 |
_aCanada : _ba study of cool contenental environments and their effect on britsh abd french setlement / _c Thomas Griffith Taylor. |
| 250 | _a2d ed., rev. | ||
| 260 |
_aLondon : _bMethuen ; _aNew York : _bDutton, _c1950. |
||
| 300 |
_a526 p. ; _c24 cm. |
||
| 490 | 1 | _aMethuen's advanced geographies | |
| 650 | 0 |
_aHuman geography _zCanada. _968746 |
|
| 650 | 0 |
_aIndustries _zCanada. _944574 |
|
| 651 | 0 |
_aCanada _xDescription and travel. _968747 |
|
| 830 | 0 |
_aMethuen's advanced geographies _968308 |
|
| 942 |
_2ddc _cBK |
||
| 999 |
_c22269 _d22269 |
||